| 000 | 00607nam a22002537a 4500 | ||
|---|---|---|---|
| 003 | OSt | ||
| 005 | 20140310183018.0 | ||
| 008 | 130212t xxu||||| |||| 00| 0 eng d | ||
| 020 | _a9789712348631 | ||
| 050 |
_aLB 2806.15 _b.G165 2007 |
||
| 100 | _aGarcia, Dolores G. | ||
| 245 |
_aDesigning curriculum / _cDolores G. Garcia. |
||
| 260 |
_aManila : _bRex Book Store, _c2007. |
||
| 300 |
_a220 p. : _c23 cm. |
||
| 521 | _aEDU | ||
| 562 | _e4 | ||
| 650 | _aCurriculum | ||
| 942 |
_2lcc _cBK _kLOC |
||
| 999 |
_c18335 _d18335 |
||